Kuchař, zloděj, jeho žena a její milenec = The cook, the thief, his wife & her lover /

Hlavní autor: Hudec, Zdeněk, 1971-
Jazyk: Čeština
Vydáno: Praha : Casablanca, 2013
Vydání: Vyd. 1.
Edice: Moderní film
Témata:
Fyzický popis: 206 s. : il. (převážně barev.) ; 19 cm
Language note: Anglické resumé
Knihy
Uloženo v:
LEADER 02387nam a2200625 a 4500
001 nkc20142568735
003 CZ PrNK
005 20150416131402.0
007 ta
008 140228s2013 xr a e 001 0 cze
015 |a cnb002568735 
020 |a 978-80-87292-24-2  |q (brož.) :  |c Kč 229,00 
035 |a (OCoLC)880868696 
040 |a ABA001  |b cze 
041 0 |a cze  |b eng 
043 |a e-uk--- 
045 |a x8x8 
072 7 |a 791  |x Film. Cirkus. Lidová zábava  |2 Konspekt  |9 3 
080 |a 791.633-051  |2 MRF 
080 |a 791.62-026.15  |2 MRF 
080 |a 791.2  |2 MRF 
080 |a 7.073  |2 MRF 
080 |a (410)  |2 MRF 
080 |a (048.8)  |2 MRF 
100 1 |a Hudec, Zdeněk,  |d 1971-  |7 ola2006329725  |4 aut 
245 1 0 |a Kuchař, zloděj, jeho žena a její milenec =  |b The cook, the thief, his wife & her lover /  |c Zdeněk Hudec 
246 3 0 |a Cook, the thief, his wife & her lover 
250 |a Vyd. 1. 
260 |a Praha :  |b Casablanca,  |c 2013 
300 |a 206 s. :  |b il. (převážně barev.) ;  |c 19 cm 
490 1 |a Moderní film ;  |v sv. 4 
504 |a Obsahuje bibliografii, bibliografické odkazy a rejstřík 
546 |a Anglické resumé 
600 1 7 |a Greenaway, Peter,  |d 1942-  |7 jn20000809006  |2 czenas 
630 0 7 |a Kuchař, zloděj, jeho žena a její milenec  |7 unn2014819024  |2 czenas 
630 0 9 |a The cook, the thief, hiswife &her lover (motion picture)  |2 eczenas 
648 7 |a 20.-21. století  |7 ch462155  |2 czenas 
648 7 |a 1989  |7 ch460664  |2 czenas 
648 7 |a 1981-1990  |7 ch460586  |2 czenas 
650 0 7 |a filmoví režiséři  |7 ph120210  |z Velká Británie  |y 20.-21. stol.  |2 czenas 
650 0 7 |a filmová tvorba  |7 ph174785  |z Velká Británie  |y 20. stol.  |2 czenas 
650 0 7 |a filmy  |7 ph120215  |z Velká Británie  |y 1981-1990  |2 czenas 
650 0 7 |a interpretace uměleckého díla  |7 ph162886  |2 czenas 
650 0 9 |a film directors  |z Great Britain  |y 20th-21st centuries  |2 eczenas 
650 0 9 |a art of film production  |z Great Britain  |y 20th century  |2 eczenas 
650 0 9 |a films  |z Great Britain  |y 1981-1990  |2 eczenas 
650 0 9 |a art interpretation  |2 eczenas 
655 7 |a studie  |7 fd133597  |2 czenas 
655 9 |a studies  |2 eczenas 
830 0 |a Moderní film  |0 s 
910 2 |a BOA001  |b 1-1333.308 
990 |a BK 
995 |a 01 
991 |b 201410  |c NOV  |e n 
996 6 |b 2610607448  |c 1-1333.308  |l MZK  |r Sklad / do 1 hodiny  |n 2  |p p.v.  |w 001464082  |u 000010  |a 1  |e BOA001  |j MZK50  |s P